00249nam a2200085Ia 4500008004100000041000800041100002000049245006100069260003300130241105s9999 xx 000 0 und d aeng aGawade Kashmira aLandscape Development Approach For A Windfram At Devgadh bM Arch Landscape, Punec2014